000 00436nam a2200181Ia 4500
001 2570
005 20260306144817.0
008 260306t2016||||xx |||||||||||||| ||spa||
041 _aESP
082 _a616.89143
_bM26
100 _aMartín, Ángeles
_eAUT
245 0 _aManual práctico de psicoterapia Gestalt
260 _c2016
300 _a207 páginas :
_c22 cm.
650 _aGEN
654 _aCPS
942 _cLIB
_dJUS
_fJUS
_2ddc
_n
999 _c2570
_d2570